| 000 | 00498nam a2200181Ia 4500 | ||
|---|---|---|---|
| 005 | 20250326141716.0 | ||
| 008 | 250326s9999 xx 000 0 und d | ||
| 037 | _aTextbook | ||
| 040 |
_aFMSL _beng _cFMSL |
||
| 041 |
_aeng _2eng |
||
| 084 | _qFMSL | ||
| 100 | _aBlattberg R C | ||
| 245 | 0 |
_aSales promotion : Concepts, methods and strategies _cBlattberg R C; Neslin S A |
|
| 260 |
_aEngland _bEngland, prentice-Hall _c1990 |
||
| 300 | _a526p | ||
| 942 | _cTB | ||
| 999 |
_c1291599 _d1291599 |
||